000
00291nam a22001337a 4500
008
180815b xxu||||| |||| 00| 0 eng d
020
_a
2900072988580
041
_a
eng
080
_a
34
100
_a
14
101
_a
jur
245
_a
crime and criminology
_c
reid.s.t
942
_2
udc
_c
BK
999
_c
47187
_d
47187